Statistics for NBA Arkansas Alumni

Click here to take the quiz!

General Stats

  • This quiz has been taken 3 times
  • The average score is 7 of 46

Answer Stats

HintAnswer% Correct
1949Alvin Williams
100%
1995Corliss Williams
100%
2022Jaylin Williams
100%
2023Anthony Black
33%
2015Bobby Portis
33%
2019Daniel Gafford
33%
1974Dennis White
33%
2020Isaiah Joe
33%
2001Joe Johnson
33%
2023Jordan Walsh
33%
2021Moses Moody
33%
2023Nick Smith Jr.
33%
2009Patrick Beverley
33%
1979Sidney Moncrief
33%
1980Alan Zahn
0%
1984Alvin Robertson
0%
1988Andrew Lang
0%
1951Bob Amber
0%
1985Charles Balentine
0%
1996Darnell Robinson
0%
1983Darrell Walker
0%
1974Dean Tolson
0%
1953Eugene Lambert Jr.
0%
1958Fred Grim
0%
1948George Kok
0%
1992Isaiah Morris
0%
1950James Cathcart
0%
1962Jerry Carlton
0%
1985Joe Kliene
0%
1982Keith Peterson
0%
1949Kenneth Kearns
0%
1992Lee Mayberry
0%
1984Leroy Sutton
0%
1973Martin Terry
0%
1978Marvin Delph
0%
1948Melvin McGaha
0%
1992Oliver Miller
0%
1978Ron Brewer
0%
2006Ronnie Brewer
0%
1982Scott Hastings
0%
2008Sonny Weems
0%
1979Steve Schall
0%
1992Todd Day
0%
1982Tony Brown
0%
1981U.S. Reed
0%
1953Walter Keams
0%

Score Distribution

Percentile by Number Answered

Percent of People with Each Score

Your Score History

You have not taken this quiz